| 000 | 00921nam a2200217 a 4500 | ||
|---|---|---|---|
| 003 | AM-YEHGA | ||
| 005 | 20260123115045.0 | ||
| 008 | 030602s1946 ai ||||gr|||||000|||arm|d | ||
| 040 | _aAM-YEHGA | ||
| 041 | 0 | _aarm | |
| 100 | 1 |
_aՏեր-Մինասյան, Երվանդ Գալուստի _92833 |
|
| 245 | 1 | 0 |
_aՈսկեդարի հայ գրականությունը / _cԵրվանդ Տեր-Մինասյան ; ՀՍՍՌ ԳԱ. |
| 260 |
_aԵրևան : _bՀՍՍՌ ԳԱ հրատ., _c1946. |
||
| 300 |
_a55 էջ ; _c20 սմ. |
||
| 500 | _aԳրքի թվային տարբերակը ներբեռնված է Ֆրանսիայի ազգային գրադարանի պաշտոնական կայքից ՝ http://gallica.bnf.fr : | ||
| 650 | 1 | 4 | _aՀայ գրականություն |
| 710 | 2 | _aՀՍՍՌ ԳԱ | |
| 856 | 4 | 1 |
_uhttp://haygirk.nla.am/upload/1941-/voskedar_1946.pdf _yԿարդալ առցանց |
| 942 |
_2udc _cBK |
||
| 001 | 1268679 | ||
| 999 |
_c539257 _d539257 |
||